000 00397nam a22001577a 4500
999 _c260470
_d260469
003 OSt
005 20230904101912.0
008 230818b xxu||||| |||| 00| 0 eng d
020 _a9780273693987
040 _cN/A
100 _aPeter Doyle and Phillip Stem
245 _aMarketing Management and Strategy
250 _a4th Edition
260 _aNewYork
_bPrentice Hall
_c2006
942 _2lcc
_cBK